000 03858cam a22006974i 4500
001 u52211
003 PE-LiUPU
005 20250731180149.0
008 150706s2002 mx a r 001 0 spa d
020 _a9706861947
035 _a(Sirsi) i9789706861948
040 _aPE-LiUPU
_bspa
_cPE-LiUPU
_erda
049 _aPRUA
082 0 4 _a519.5
_bW14
_221
100 1 _aWackerly, Dennis D.,
_d1945- ,
_eautor.
245 1 0 _aEstadística matemática con aplicaciones /
_cDennis D. Wackerly, William Mendenhall III y Richard L. Scheaffer.
250 _a6a ed.
264 1 _aMéxico, D.F. :
_bTHOMSON,
_c2002.
300 _axvi, 853 páginas :
_bilustraciones ;
_c25 cm.
336 _atext
_2rdacontent
337 _aunmediated
_2rdamedia
338 _avolume
_2rdacarrier
500 _aTítulo original: [Mathematical statistics with applications.].
504 _aIncluye referencias bibliográficas e índice.
505 0 _a¿Qué es la estadística? -- Probabilidad -- Variables aleatorias discretas y sus distribuciones de probabilidad -- Variables aleatorias continuas y sus distribuciones de probabilidad -- Distribuciones de probabilidad multivariables -- Funciones de variables aleatorias -- Distribuciones muestrales y el teorema del límite central -- Estimación -- Propiedades de los estimadores puntuales y métodos de estimación -- Pruebas de hipótesis -- Modelos lineales y estimación mediante mínimos cuadrados -- Consideración sobre el diseño de experimentos -- Análisis de varianza -- Análisis de datos categóricos -- Estadística no paramétrica -- Matrices y otros resultados matemáticos útiles -- Distribuciones de probabilidad, medias, varianzas y funciones generadoras de momentos comunes -- Tablas.
526 _aSEG44
526 _aSEG26
526 _aP159
526 _aP155
526 _aP154
526 _aP153
526 _aP150
526 _aP100
526 _aP31
526 _aP30
526 _aP26
526 _aP25
526 _aP24
526 _aP22
526 _aP15
526 _aP10
541 _g015-0015322;
596 _a1 2
650 0 4 _aEstadística matemática
_vProblemas, ejercicios, etc.
650 0 4 _aProbabilidades
_vLibros de texto.
650 0 4 _aVariables aleatorias
_vProblemas, ejercicios, etc.
700 1 _aMendenhall III, William,
_ecoaut
700 1 _aScheaffer, Richard L.,
_eautor.
910 _cbd
_d20120522
910 _cdgt
942 _2ddc
_cBOOK
994 _aC0
_bPEPRU
949 _a519.2 W11
_wDEWEY
_c1
_iFT00577
_lCCODEBUT1
_mBUT
_p55.00
_r0
_sY
_tBOOK
_u2016-3-3
_xINGENIERIA
_zUNKNOWN
_0COMPRA
_o.CIRCNOTE. este documento es muy costoso
_o.STAFF. Colección General
949 _a519.2 W11
_wDEWEY
_c2
_iFT00576
_lCCODEBUT1
_mBUT
_p55.00
_r0
_sY
_tBOOK
_u2016-3-3
_xBIBLIOTECA
_zUNKNOWN
_0COMPRA
_o.CIRCNOTE. ]Este documento es muy costoso
_o.STAFF. Colección General
949 _a519.5 W14
_wDEWEY
_c1
_i67229
_d2016-8-11
_e2016-8-11
_f2018-2-9
_g4
_lFIA2
_mBUL
_n6
_p50.00
_r0
_sY
_tBOOK
_u2015-7-6
_xINGENIERIA
_zUNKNOWN
_0COMPRA
_o.STAFF. Colección General
999 _a519.5 W14
_wDEWEY
_c54819
_i67229
_d54819
_e2016-8-11
_f2021-11-5
_g7
_lCCODEBUL1
_mBUL
_n6
_p50.00
_q1
_r0
_sN
_tBOOK
_u2015-7-6
_xBIBLIOTECA
_zUNKNOWN
_0COMPRA
_o.STAFF. Colección General
999 _a519.2 W11
_wDEWEY
_c1
_iFT00577
_f2019-2-20
_g1
_lCCODEBUT1
_mBUT
_p55.00
_r0
_sY
_tBOOK
_u2016-3-3
_xINGENIERIA
_zUNKNOWN
_0COMPRA
_o.CIRCNOTE. este documento es muy costoso
_o.STAFF. Colección General
999 _a519.2 W11
_wDEWEY
_c2
_iFT00576
_d2018-10-22
_e2018-10-22
_f2019-2-20
_g1
_lCCODEBUT1
_mBUT
_n1
_p55.00
_r0
_sY
_tBOOK
_u2016-3-3
_xBIBLIOTECA
_zUNKNOWN
_0COMPRA
_o.CIRCNOTE. ]Este documento es muy costoso
_o.STAFF. Colección General
980 _81
_gALBERTO SANCHEZ Responsable de Automatización